000 00664nam a2200253Ia 4500
001 Z_2782
003 CHAP
008 220113s1998 xx 000 0 und d
010 _a163589
040 _cCHAP
082 _a636.08 R4 1998
100 _aReunión Nacional de Investigación Pecuaria (1998 : Querétaro, Qro.)
_9137750
245 _aMemorias /
_cpor SARH
260 _aMéxico, D. F. :
_bLa Secretaría,
_c1998
300 _a301 p.
650 _aGanadería
_xCongresos
_944677
650 _aGanadería
_xInvestigación
_xMéxico
_9137364
901 _a636.08 R4 1998
902 _aM
910 _a1998
942 _c1
942 _cc1
999 _c163589
_d163589